[Event "Barcelona Sant Marti op-B 24th"]
[Site "Barcelona"]
[Date "2024.07.19"]
[Round "7"]
[White "Espejo Fuentes, Leo"]
[Black "Lopez Mallach, Miguel"]
[Result "0-1"]
[WhiteElo "1368"]
[BlackElo "1588"]
[PlyCount "84"]
[EventDate "2024.07.13"]
[EventType "swiss"]
[EventRounds "9"]
[EventCountry "ESP"]
[SourceTitle "EXT 2025"]
[Source "ChessBase"]
[SourceDate "2024.10.14"]
[SourceVersion "1"]
[SourceVersionDate "2024.10.14"]
[SourceQuality "1"]

1. e4 c5 2. Bc4 e6 3. Nc3 a6 4. a3 Nc6 5. d3 Nf6 6. Bg5 Be7 7. Nf3 h6 8. Bh4 b5 9. Ba2 Bb7 10. 0-0 Qc7 11. Bg3 d6 12. Rb1 Qd7 13. e5 Ng4 14. exd6 Bxd6 15. Bxd6 Qxd6 16. Ne4 Qe7 17. h3 Nge5 18. Nxe5 Nxe5 19. Qh5 Nd7 20. b4 Bxe4 21. dxe4 c4 22. Rbd1 0-0 23. e5 Nb6 24. Rd4 Nd5 25. Rg4 Kh7 26. Rh4 Rad8 27. Bb1 c3 28. Ba2 Nb6 29. g4 Rd4 30. f4 Nd5 31. Bxd5 Rxd5 32. g5 Rd2 33. gxh6 g6 34. Qg4 Rfd8 35. f5 Rxc2 36. fxg6+ fxg6 37. Rf6 Qa7+ 38. Kh1 Qb7+ 39. Kg1 Rd1+ 40. Rf1 Qb6+ 41. Qd4 Qxd4+ 42. Rxd4 Rxd4 0-1

[Event "Barcelona Sant Marti op-B 24th"]
[Site "Barcelona"]
[Date "2024.07.14"]
[Round "2"]
[White "Espejo Fuentes, Leo"]
[Black "Rubio Garcia, Ethan"]
[Result "0-1"]
[WhiteElo "1368"]
[BlackElo "1655"]
[PlyCount "88"]
[EventDate "2024.07.13"]
[EventType "swiss"]
[EventRounds "9"]
[EventCountry "ESP"]
[SourceTitle "EXT 2025"]
[Source "ChessBase"]
[SourceDate "2024.10.14"]
[SourceVersion "1"]
[SourceVersionDate "2024.10.14"]
[SourceQuality "1"]

1. e4 c5 2. Nf3 d6 3. Bc4 Nc6 4. Bb3 Nf6 5. Nc3 g6 6. Ng5 e6 7. d3 Bg7 8. 0-0 0-0 9. Be3 h6 10. Nf3 Qe7 11. g3 Rd8 12. Qe2 d5 13. exd5 exd5 14. Rfe1 d4 15. Bxd4 Qxe2 16. Rxe2 cxd4 17. Nb5 Bg4 18. Ree1 Bxf3 19. Na3 a6 20. Nc4 b5 21. Nd2 Bg4 22. f3 Bc8 23. Rad1 Na5 24. Re7 Nxb3 25. Nxb3 Be6 26. Nc5 Bf8 27. Rc7 Bxc5 28. Rxc5 Rdc8 29. Rxc8+ Rxc8 30. Rc1 Bxa2 31. Ra1 Be6 32. Rxa6 Rxc2 33. b4 Rb2 34. Rb6 Rxb4 35. g4 Rb3 36. Kf2 Rxd3 37. Rxb5 Rd2+ 38. Kg3 d3 39. Rb1 Re2 40. Rd1 d2 41. h4 Bb3 42. Rxd2 Rxd2 43. g5 Nh5+ 44. Kg4 Be6# 0-1